Phoebe Bridgers & Manchester Orchestra- The Gold Lyrics - Statistics

General Stats
  • This quiz has been taken 51 times
  • The average score is 190 of 229
Answer Stats
Answer % Correct
I
100%
a
97%
anymore
97%
be
97%
do?
97%
don't
97%
gold
97%
love
97%
me
97%
my
97%
that
97%
think
97%
to
97%
wanna
97%
you
97%
You
97%
become
95%
ceiling
95%
changed
95%
Couldn't
95%
your
95%
you've
95%
eyes
92%
for
92%
just
92%
man
92%
mine
92%
old
92%
open
92%
really
92%
the
92%
told
92%
collapsing
89%
down
89%
have
89%
hold
89%
we
89%
while
89%
our
86%
here
84%
were
84%
we're
84%
believed
81%
loved
81%
moment
81%
and
78%
breathe
78%
cave's
78%
crazy
78%
heart
76%
in
76%
attack
73%
can't
73%
man's
73%
mile
73%
miles
73%
bark
70%
hell
70%
what
70%
are
68%
it
68%
of
68%
black
65%
Black
65%
Forty
65%
gonna
65%
out
65%
So
65%
dangerous
62%
day
62%
East
62%
faith
62%
coughing
59%
like
59%
lose
59%
Lose
59%
surface
59%
from
57%
Illinois
57%
all
54%
hills
54%
poison
54%
wasn't
54%
tastes
51%
colly
49%
catch
43%
drink
41%
Oh
41%
I'm
38%
hours
30%
again
22%
translate
22%
trying
22%
Homestake
19%
beat
14%
uswe
5%
No matching quizzes found
Score Distribution
Percent of People with Each Score
Percentile by Number Answered
Your Score History
You have not taken this quiz